Minecraft Emojis - Statistics

General Stats
  • This quiz has been taken 16 times
  • The average score is 7 of 25
Answer Stats
Emojis Minecraft
answer
% Correct
πŸŒ•πŸŸͺ End
92%
πŸ₯•πŸŽ£ Carrot on a stick
58%
πŸ”šπŸ² Ender dragon
58%
πŸšΆπŸ»πŸ’ŽπŸ¦™πŸ¦™ Wandering trader
58%
β¬›β¬›β¬›β˜ οΈ Wither skeleton
50%
πŸ›οΈπŸͺ¨ Bedrock
42%
πŸ¦ΎπŸ€– Iron golem
42%
πŸ”₯πŸ·βš”οΈπŸ’ͺ🏻 Piglin brute
42%
πŸ•ΈοΈπŸšοΈπŸšοΈπŸͺ¦ Abandoned village
33%
🀒πŸ₯” Poison potato
33%
πŸ¦΄πŸ½οΈπŸ”πŸ• Bonemeal
25%
πŸ•ΈοΈβ›οΈβ›οΈ Abandoned mineshaft
17%
🧭🌎🟫 Cartography table
17%
βœοΈπŸŽ€ Crossbow
17%
πŸ”₯πŸ”ŒπŸ”‹ Fire charge
17%
🟫🟧🟨πŸŸ₯ Mesa
17%
🟫🧱 Mud bricks
17%
πŸ„πŸŒ΄πŸ’§ Swamp
17%
β„οΈβ„οΈπŸžοΈ Tundra
17%
πŸͺ΅πŸžοΈπŸ― Woodland mansion
17%
πŸ’₯⬛πŸͺ¨ Blast furnace
8%
🦾πŸͺ€πŸšͺ Iron trapdoor
8%
🌿☘️πŸͺ΄πŸͺ¨β›°οΈ Lush caves
8%
πŸšοΈπŸŒ€ Ruined portal
8%
πŸ’ͺ🏻πŸ’ͺπŸ»πŸ€›πŸ» Stronghold
8%
No matching quizzes found
Score Distribution
Percent of People with Each Score
Percentile by Number Answered
Your Score History
You have not taken this quiz